| 000 | 00495nam a2200205Ia 4500 | ||
|---|---|---|---|
| 003 | OSt | ||
| 005 | 20140507093012.0 | ||
| 008 | 140130s9999 xx 000 0 und d | ||
| 020 | _a0516244736 | ||
| 050 |
_aPZ 73 _b.M48 2003 |
||
| 100 | _aMillios, Rita | ||
| 245 |
_cRita Millios _aBears, Bears everywhere / |
||
| 260 |
_bScholastic, _c2003. _aNew York : |
||
| 300 |
_a31 p. : _bcol. ill. ; _c19 cm. |
||
| 440 | _v1 | ||
| 521 | _aG1 | ||
| 526 | _c150 | ||
| 942 |
_cBK _2lcc |
||
| 999 |
_c39871 _d39871 |
||